000 00802nam a2200289Ia 4500
005 20260324130631.0
008 008 260324s9999 xx 000 0 eng d
020 _a9781003447511
037 _aEBOOK
040 _aCRL
040 _beng
040 _cCRL
041 _2eng
041 _aeng
084 _qCRL
100 _aDiane M. Billings; Larry K. Michaelsen; Kathryn K. McMahon; Ruth E. Levine; Dean X. Parmelee
_91182515
245 0 _aTeam-Based Learning for Health Professions Education
245 2 _bA Guide to Using Small Groups for Improving Learning
260 _bTaylor and Francis
260 _c2007
365 _a
365 _b135
856 _uhttp://www.taylorfrancis.com/books/9781003447511
942 _cEBOOK
999 _c1778856
_d1778856